000 00631nam a22002297a 4500
003 UA-OsUOA
001 98584
007 ta
008 20130416b un ||||| |||| 00| 0 ukr d
100 _aСалтыков-Щедрин М.
090 _a821.161.1
_bС16
942 _cBK
040 _aUA-OsUOA
_brus
_cUA-OsUOA
_dUA-OsUOA
245 _aСобрание сочинений в десяти томах
_b9
300 _a574 с.
955 _a3
041 _arus
080 _a821.161.1
260 _aМ.
_bПравда
_c1988
650 7 _a82 Література. Літературознавство
_2UDC
999 _c384477
_d384477